ბათუმის შოთა რუსთაველის სახელმწიფო უნივერსიტეტის ბიბლიოთეკა

В преддверии философии : (ბიბ.ჩანაწერი № 61429)

000 -LEADER
fixed length control field 00884nam a22002057a 4500
005 - DATE AND TIME OF LATEST TRANSACTION
control field 20240313100712.0
008 - FIXED-LENGTH DATA ELEMENTS--GENERAL INFORMATION
fixed length control field 240313s2001 ru ||||| |||| 00| 0 geo d
020 ## - INTERNATIONAL STANDARD BOOK NUMBER
International Standard Book Number 5942780471
041 ## - LANGUAGE CODE
Language code of text/sound track or separate title rus
080 ## - UNIVERSAL DECIMAL CLASSIFICATION NUMBER
Universal Decimal Classification number 1(3)(091) B-11
245 ## - TITLE STATEMENT
Title В преддверии философии :
Remainder of title Духовные искания древнего человека /
Statement of responsibility, etc. Г. Франкфорт, Г. Α. Франкфорт, Дж. Уилсон, Τ. Якобсен.
264 ## - PRODUCTION, PUBLICATION, DISTRIBUTION, MANUFACTURE, AND COPYRIGHT NOTICE
Place of production, publication, distribution, manufacture Санкт-Петербург :
Name of producer, publisher, distributor, manufacturer Амфора,
Date of production, publication, distribution, manufacture, or copyright notice 2001.
300 ## - PHYSICAL DESCRIPTION
Extent 314 c.
Other physical details 20 cm.
653 ## - INDEX TERM--UNCONTROLLED
keyword ფილოსოფია
700 ## - ADDED ENTRY--PERSONAL NAME
Personal name Франкфорт Г.
Relator term ავტორი
9 (RLIN) 21398
700 ## - ADDED ENTRY--PERSONAL NAME
Personal name Франкфорт Г.А.,
Relator term ავტორი
9 (RLIN) 21399
700 ## - ADDED ENTRY--PERSONAL NAME
Personal name Уилсон Дж.,
Relator term ავტორი
9 (RLIN) 20856
700 ## - ADDED ENTRY--PERSONAL NAME
Personal name Якобсен Т.
Relator term ავტორი
9 (RLIN) 21400
942 ## - ADDED ENTRY ELEMENTS (KOHA)
Source of classification or shelving scheme
Koha item type წიგნი
ეგზემპლარები
Withdrawn status Lost status Source of classification or shelving scheme Damaged status Not for loan Permanent Location Current Location Shelving location Date acquired Cost, normal purchase price Full call number Barcode Date last seen Copy number Uniform Resource Identifier Price effective from Koha item type Public note
          ბათუმის შოთა რუსთაველის სახელმწიფო უნივერსიტეტის მთავარი ბიბლიოთეკა ბათუმის შოთა რუსთაველის სახელმწიფო უნივერსიტეტის მთავარი ბიბლიოთეკა წიგნსაცავი 2024-03-13 8.00 1(3)(091) B-11 65794 2024-03-13 65794 ბსუ-ს საპატიო დოქტორის გურამ ლორთქიფანიძის საჩუქარი 2024-03-13 წიგნი 8 ლ.